<?xml version="1.0" encoding="UTF-8"?>
<record
    xmlns:xsi="http://www.w3.org/2001/XMLSchema-instance"
    xsi:schemaLocation="http://www.loc.gov/MARC21/slim http://www.loc.gov/standards/marcxml/schema/MARC21slim.xsd"
    xmlns="http://www.loc.gov/MARC21/slim">

  <leader>00790nam a2200181Ia 4500</leader>
  <controlfield tag="008">151202s9999||||xx |||||||||||||| ||und||</controlfield>
  <datafield tag="082" ind1=" " ind2=" ">
    <subfield code="b">PNVM-49255</subfield>
  </datafield>
  <datafield tag="100" ind1=" " ind2=" ">
    <subfield code="a">&#x936;&#x947;&#x91F;&#x94D;&#x91F;&#x940; &#x930;&#x93E;&#x91C;&#x942;.</subfield>
  </datafield>
  <datafield tag="245" ind1=" " ind2=" ">
    <subfield code="a">&#x936;&#x93F;&#x935;&#x93E;&#x930; &#x924;&#x947; &#x938;&#x902;&#x938;&#x926; - &#x930;&#x93E;&#x91C;&#x942; &#x936;&#x947;&#x91F;&#x94D;&#x91F;&#x940; &#x92F;&#x93E;&#x902;&#x91A;&#x947; &#x91A;&#x930;&#x93F;&#x924;&#x94D;&#x930;.</subfield>
  </datafield>
  <datafield tag="260" ind1=" " ind2=" ">
    <subfield code="b">&#x92A;&#x926;&#x94D;&#x917;&#x902;&#x927;&#x93E; &#x92A;&#x94D;&#x930;&#x915;&#x93E;&#x936;&#x928; &#x92A;&#x941;&#x923;&#x947;.</subfield>
  </datafield>
  <datafield tag="260" ind1=" " ind2=" ">
    <subfield code="c">5 2013</subfield>
  </datafield>
  <datafield tag="300" ind1=" " ind2=" ">
    <subfield code="a">228</subfield>
  </datafield>
  <datafield tag="600" ind1=" " ind2=" ">
    <subfield code="a">&#x936;&#x947;&#x91F;&#x94D;&#x91F;&#x940; &#x930;&#x93E;&#x91C;&#x942;.</subfield>
  </datafield>
  <datafield tag="630" ind1=" " ind2=" ">
    <subfield code="a">&#x936;&#x93F;&#x935;&#x93E;&#x930; &#x924;&#x947; &#x938;&#x902;&#x938;&#x926; - &#x930;&#x93E;&#x91C;&#x942; &#x936;&#x947;&#x91F;&#x94D;&#x91F;&#x940; &#x92F;&#x93E;&#x902;&#x91A;&#x947; &#x91A;&#x930;&#x93F;&#x924;&#x94D;&#x930;.</subfield>
  </datafield>
  <datafield tag="700" ind1=" " ind2=" ">
    <subfield code="a">&#x936;&#x947;&#x91F;&#x94D;&#x91F;&#x940; &#x930;&#x93E;&#x91C;&#x942;.</subfield>
  </datafield>
  <datafield tag="730" ind1=" " ind2=" ">
    <subfield code="a">&#x936;&#x93F;&#x935;&#x93E;&#x930; &#x924;&#x947; &#x938;&#x902;&#x938;&#x926; - &#x930;&#x93E;&#x91C;&#x942; &#x936;&#x947;&#x91F;&#x94D;&#x91F;&#x940; &#x92F;&#x93E;&#x902;&#x91A;&#x947; &#x91A;&#x930;&#x93F;&#x924;&#x94D;&#x930;.</subfield>
  </datafield>
  <datafield tag="942" ind1=" " ind2=" ">
    <subfield code="c">BOOK</subfield>
  </datafield>
  <datafield tag="999" ind1=" " ind2=" ">
    <subfield code="c">1315152</subfield>
    <subfield code="d">1315149</subfield>
  </datafield>
  <datafield tag="952" ind1=" " ind2=" ">
    <subfield code="0">0</subfield>
    <subfield code="1">0</subfield>
    <subfield code="4">0</subfield>
    <subfield code="7">0</subfield>
    <subfield code="a">PNVM</subfield>
    <subfield code="b">PNVM</subfield>
    <subfield code="d">2015-06-21</subfield>
    <subfield code="g">0.00</subfield>
    <subfield code="l">0</subfield>
    <subfield code="o">PNVM-49255</subfield>
    <subfield code="p">PNVM-49255</subfield>
    <subfield code="r">2015-12-02 00:00:00</subfield>
    <subfield code="v">0.00</subfield>
    <subfield code="w">2015-12-02</subfield>
    <subfield code="y">BOOK</subfield>
  </datafield>
</record>
